| 000 | 01679nam a2200373Ia 4500 | ||
|---|---|---|---|
| 001 | ebr10275531 | ||
| 003 | CaPaEBR | ||
| 006 | m u | ||
| 007 | cr cn||||||||| | ||
| 008 | 070206s2007 utuab sb s101 0 eng d | ||
| 010 | _z 2007005071 | ||
| 020 | _z9780874808469 (cloth : alk. paper) | ||
| 020 | _z0874808464 (cloth : alk. paper) | ||
| 020 | _z9780874809480 | ||
| 040 |
_aCaPaEBR _cCaPaEBR |
||
| 035 | _a(OCoLC)654803103 | ||
| 050 | 1 | 4 |
_aE99.C37 _bA74 2007eb |
| 245 | 0 | 4 |
_aThe architecture of Chaco Canyon, New Mexico _h[electronic resource] / _cedited by Stephen H. Lekson. |
| 260 |
_aSalt Lake City : _bUniversity of Utah Press, _cc2007. |
||
| 300 |
_axi, 263., [16] p. : _bill. (some col.), maps (some col.). |
||
| 490 | 1 | _a[Chaco Canyon series] | |
| 500 | _aBased on a conference held Sept. 28-Oct. 3, 2000 at University of New Mexico, Albuquerque and at Chaco Canyon. | ||
| 504 | _aIncludes bibliographical references and index. | ||
| 533 |
_aElectronic reproduction. _bPalo Alto, Calif. : _cebrary, _d2011. _nAvailable via World Wide Web. _nAccess may be limited to ebrary affiliated libraries. |
||
| 650 | 0 |
_aChaco culture _zNew Mexico _zChaco Canyon _vCongresses. |
|
| 650 | 0 |
_aChaco architecture _zNew Mexico _zChaco Canyon _vCongresses. |
|
| 651 | 0 |
_aChaco Culture National Historical Park (N.M.) _vCongresses. |
|
| 651 | 0 |
_aChaco Canyon (N.M.) _xAntiquities _vCongresses. |
|
| 655 | 7 |
_aElectronic books. _2local |
|
| 700 | 1 | _aLekson, Stephen H. | |
| 710 | 2 | _aebrary, Inc. | |
| 830 | 0 | _aChaco Canyon series. | |
| 856 | 4 | 0 |
_uhttp://site.ebrary.com/lib/rucke/Doc?id=10275531 _zAn electronic book accessible through the World Wide Web; click to view |
| 999 |
_c5995 _d5995 |
||